00472 2200181 4500001002100000005001500021035002000036007000300056008004100059082001000100084001600110100003000126245007000156260002700226300001900253650001000272990000800282INLIS00000000000002020170904030518 a0010-0917000006ta170904 0 ind  a297.6 a297.6 DR. n0 aDr.Ahmad Syauqi Al Fajari1 aNilai Kesehatan Dalam Syariat Islam /cDr.Ahmad Syauqi Al Fanjari aJakarta :bBumi Aksara a270 ;c20 x 14 aAgama a941